EFECTOS DE LA MIGRACION HAITIANA EN LOS PROCESOS DE ENSEÑANZA Y DE APRENDIZAJE EN LAS ESCUELAS DEL DISTRITO EDUCATIVO 01 01 DE PEDERNALES AÑO ESCOLAR 2010 2011 (Record no. 401)

MARC details
000 -LEADER
campo de control de longitud fija 00987nam a22002057a 4500
001 - NÚMERO DE CONTROL
campo de control 1483
005 - FECHA Y HORA DE LA ÚLTIMA TRANSACCIÓN
campo de control 20250522045537.0
008 - DATOS DE LONGITUD FIJA--INFORMACIÓN GENERAL
campo de control de longitud fija 5230202011 dr a
090 ## - LOCALMENTE ASIGNADO TIPO-LC NÚMERO DE CLASIFICACIÓN (OCLC); NÚMERO DE CLASIFICACIÓN LOCAL (RLIN)
Número de clasificación (OCLC) (R) ; Numero de clasificación, CALL (RLIN) (NR) EDU 2011-014
100 ## - ENTRADA PRINCIPAL--NOMBRE DE PERSONA
Nombre de persona MATOS CUEVAS, CESAIRA
245 ## - MENCIÓN DEL TÍTULO
Título EFECTOS DE LA MIGRACION HAITIANA EN LOS PROCESOS DE ENSEÑANZA Y DE APRENDIZAJE EN LAS ESCUELAS DEL DISTRITO EDUCATIVO 01 01 DE PEDERNALES AÑO ESCOLAR 2010 2011
Mención de responsabilidad, etc. Cesaira Matos Cuevas, Santa Cecilia Romero Beltre, Ylkania Eulogia Pérez Matos, Juana Ibelise Féliz Almánzar
260 ## - PUBLICACIÓN, DISTRIBUCIÓN, ETC.
Lugar de publicación, distribución, etc. Barahona :
Nombre del editor, distribuidor, etc. UNIVERSIDAD CATOLICA TECNOLOGICA DE BARAHONA
300 ## - DESCRIPCIÓN FÍSICA
Extensión xix, 115, [24]h :
Otros detalles físicos il.
502 ## - NOTA DE TESIS
Nota de tesis Monografico (Lic. en Educación Básica). -- UCATEBA
504 ## - NOTA DE BIBLIOGRAFÍA, ETC.
Nota de bibliografía, etc. Nota Incluye Bibliografía
650 ## - PUNTO DE ACCESO ADICIONAL DE MATERIA--TÉRMINO DE MATERIA
Fuente del encabezamiento o término 1.EFECTO DE LA MIGRACION HAITIANA EN LOS PROCESOS DE ENSEÑANZA Y APRENDIZAJE
700 ## - ENTRADA AGREGADA--NOMBRE PERSONAL
Nombre de persona I.ROMERO BELTRE, SANTA CECILIA, COAUT
700 ## - ENTRADA AGREGADA--NOMBRE PERSONAL
Nombre de persona II.PEREZ MATOS, ILKANIA EULOGIA, COAUT
700 ## - ENTRADA AGREGADA--NOMBRE PERSONAL
Nombre de persona III.FELIZ ALMANZAR, JUANA IBELISE, COAUT
Holdings
Estatus retirado Estado de pérdida Estado de daño No para préstamo Colección Biblioteca de origen Biblioteca actual Fecha de adquisición Total de préstamos Signatura topográfica completa Código de barras Visto por última vez Fecha del último préstamo Copia número Precio de reemplazo Tipo de ítem Koha
        Acervo general de Libros Biblioteca Central Mons. Favio M. Rivas S. Biblioteca Central Mons. Favio M. Rivas S. 20/03/2013 1 EDU 2011-014 000000000469 25/07/2025 25/07/2025 1 23/05/2025 Tesis
        Acervo general de Libros Biblioteca Central Mons. Favio M. Rivas S. Biblioteca Central Mons. Favio M. Rivas S. 23/10/2015   EDU 2011-014 000000004169 23/05/2025   2 23/05/2025 Tesis